000 00225nam a22000977a 4500
082 _a621.3615 HAN'N
245 _aHANDBOOK FOR RADIO OPERATORS
260 _aLONDON
_bHER MAJESTY OFFICE
_c1961
300 _aXI,214P
942 _cBK
999 _c584849
_d584849